banner-ar

CLASSROOM MANAGEMENT AND DISCIPLINE: METHODS TO FACILITATE COOPERATION AND INTRACTION / (Record no. 25021)

MARC details
000 -الفاتح
حقل البيانات ثابتة الطول 00524nam a2200181Ia 4500
008 - عناصر البيانات ثابتة الطول - معلومات عامة
حقل البيانات ثابتة الطول 140319s9999 xx 000 0 eng d
040 ## - مصدر الفهرسة
وكالة الفهرسة الأصلية GCL /
وكالة النسخ GCL
082 04 - رقم تصنيف ديوى العشرى
رقم التصنيف 371.1
رقم المادة B C
100 1# - المدخل الرئيسى - إسم شخصى
الإسم الشخصى BURDEN, PAUL R.
245 10 - بيان العنوان
العنوان CLASSROOM MANAGEMENT AND DISCIPLINE: METHODS TO FACILITATE COOPERATION AND INTRACTION /
بيان المسئوليه,etc BURDEN, PAUL R.
260 ## - PUBLICATION, DISTRIBUTION, ETC. (IMPRINT)
تاريخ النشر أو التوزيع 1995
300 ## - الوصف المادى
التعداد 378 P
650 04 - المدخل الاضافى بالموضوع-مصطلح موضوعى
مصطلح موضوعي CLASSROOM MANAGEMENT
650 04 - المدخل الاضافى بالموضوع-مصطلح موضوعى
مصطلح موضوعي UNITED STATES
650 04 - المدخل الاضافى بالموضوع-مصطلح موضوعى
مصطلح موضوعي SCHOOL DISCIPLINE
942 ## - عناصر المدخل الإضافي( كوها)
مصدر التصنيف او مخطط الترفيف Dewey Decimal Classification
Koha [default] item type كتاب
260 ## - PUBLICATION, DISTRIBUTION, ETC. (IMPRINT)
-- [S.N] :
-- LONGMAN ،
Holdings
حالة التراجع حالة الفقد حالة تلف ليس للاعارة المكان المؤقت الموقع الحالى تاريخ الاكتساب اجمالي اﻻعارات رقم الطلب الباركود تاريخ اخر مشاهدة تاريخ تفعيل السعر نوع وعاء كوها
        مكتبة القاهرة الكبرى مكتبة القاهرة الكبرى 03/26/2014   371.1\B C 44167 03/26/2014 03/26/2014 كتاب
        مكتبة القاهرة الكبرى مكتبة القاهرة الكبرى 03/26/2014   371.1\B C 44168 03/26/2014 03/26/2014 كتاب

Powered By

EGPV